Unemployment as a Factor Inflicting Higher Criminality in the Slovak Republic
Vzťah medzi kriminalitou a nezamestnanosťou v Slovenskej republike. Štruktúra trestných činov v Slovenskej republike.
Saved in:
| Main Author: | |
|---|---|
| Format: | Book Chapter |
| Language: | English |
| Subjects: | |
| Tags: |
No Tags, Be the first to tag this record!
|
MARC
| LEADER | 00000naa a2200000 4500 | ||
|---|---|---|---|
| 001 | 0280597 | ||
| 005 | 20240502083855.6 | ||
| 041 | 0 | |a eng | |
| 044 | |a RO | ||
| 245 | 1 | 0 | |a Unemployment as a Factor Inflicting Higher Criminality in the Slovak Republic |c Jakub Harman |
| 520 | |a Vzťah medzi kriminalitou a nezamestnanosťou v Slovenskej republike. Štruktúra trestných činov v Slovenskej republike. | ||
| 610 | 2 | 0 | |a nezamestnanosť |
| 610 | 2 | 0 | |a kriminalita |
| 610 | 2 | 0 | |a motivácia |
| 610 | 2 | 0 | |a Slovensko |
| 100 | 1 | |a Harman, Jakub, 1996- | |